000 00403nam a22001577a 4500
003 OSt
005 20211229091137.0
008 211229b |||||||| |||| 00| 0 eng d
040 _cHU
082 _a370.15SKI 1984
100 _a Skinner, Charles E.
_d(Charles Edward), 1891-1983
_925866
245 _a Educational psychology
260 _c1984
300 _aX755
_bPC
_c21cm
942 _2ddc
_cBOOKS
_n0
999 _c24787
_d24787